| 000 | 00837cam a2200277 4500 | ||
|---|---|---|---|
| 001 | 4098209 | ||
| 003 | GBCCL | ||
| 005 | 20241126110337.0 | ||
| 008 | 740917s1974 njua 000 0aeng | ||
| 010 | _a 74079173 | ||
| 020 | _a0882701029 | ||
| 020 | _a0882701045 (pbk.) | ||
| 040 |
_aDLC _cDLC _dDLC |
||
| 043 | _an-us--- | ||
| 050 | 0 | 0 |
_aBX8762.Z8 _bC374 |
| 082 | 0 | 0 |
_a289.94 _aB _bCAR |
| 100 | 1 |
_aCarothers, Merlin R. _9529 |
|
| 245 | 1 | 0 |
_aWalking & leaping _c[by] Merlin R. Carothers. Edited by David Manuel, Jr. |
| 260 |
_aPlainfield, N.J., _bLogos International _c[1974] |
||
| 300 |
_aix, 129 p. _billus. _c21 cm. |
||
| 350 | _a$2.50 | ||
| 600 | 1 | 0 |
_aCarothers, Merlin R. _9529 |
| 650 | 0 |
_aPentecostal churches _zUnited States _xClergy _vBiography. _9530 |
|
| 906 |
_a7 _bcbc _corignew _d2 _eopcn _f19 _gy-gencatlg |
||
| 942 |
_2ddc _cBK |
||
| 999 |
_c393 _d393 |
||